Cell biology, genetics, molecular biology, evolution and ecology/ (Record no. 26456)
[ view plain ]
| 000 -LEADER | |
|---|---|
| fixed length control field | 00804cam a2200277Ia 4500 |
| 001 - CONTROL NUMBER | |
| control field | u18450 |
| 003 - CONTROL NUMBER IDENTIFIER | |
| control field | SIRSI |
| 008 - FIXED-LENGTH DATA ELEMENTS--GENERAL INFORMATION | |
| fixed length control field | 070619s2004 ii abo 000 0 eng d |
| 020 ## - INTERNATIONAL STANDARD BOOK NUMBER | |
| International Standard Book Number | 8121924421 |
| 040 ## - CATALOGING SOURCE | |
| Original cataloging agency | EAL |
| 050 ## - LIBRARY OF CONGRESS CALL NUMBER | |
| Classification number | QH581.2 |
| Item number | V47 2004 |
| 100 ## - MAIN ENTRY--PERSONAL NAME | |
| Personal name | Verma,P. S. |
| 245 10 - TITLE STATEMENT | |
| Title | Cell biology, genetics, molecular biology, evolution and ecology/ |
| Statement of responsibility, etc. | P. S. Verma,V. K. Agarwal. |
| 250 ## - EDITION STATEMENT | |
| Edition statement | Multicolour ed. |
| 260 ## - PUBLICATION, DISTRIBUTION, ETC. | |
| Place of publication, distribution, etc. | Ram nagar, New delhi: |
| Name of publisher, distributor, etc. | S. Chand & Company ltd, |
| Date of publication, distribution, etc. | 2004. |
| 300 ## - PHYSICAL DESCRIPTION | |
| Extent | 1v. (various paging): |
| Other physical details | ill. col.; |
| Dimensions | 24 cm. |
| 500 ## - GENERAL NOTE | |
| General note | Includes index. |
| 596 ## - | |
| -- | 1 |
| 650 #0 - SUBJECT ADDED ENTRY--TOPICAL TERM | |
| Topical term or geographic name entry element | Cytology. |
| 650 #0 - SUBJECT ADDED ENTRY--TOPICAL TERM | |
| Topical term or geographic name entry element | Genetics. |
| 650 #0 - SUBJECT ADDED ENTRY--TOPICAL TERM | |
| Topical term or geographic name entry element | Molecular biology. |
| 650 #0 - SUBJECT ADDED ENTRY--TOPICAL TERM | |
| Topical term or geographic name entry element | Evolution. |
| 650 #0 - SUBJECT ADDED ENTRY--TOPICAL TERM | |
| Topical term or geographic name entry element | Ecology. |
| 700 1# - ADDED ENTRY--PERSONAL NAME | |
| Personal name | Agarwal,V. K. |
| 942 ## - ADDED ENTRY ELEMENTS (KOHA) | |
| Koha item type | Books |
| Source of classification or shelving scheme | Library of Congress Classification |
| Withdrawn status | Lost status | Source of classification or shelving scheme | Damaged status | Not for loan | Home library | Current library | Date acquired | Total Checkouts | Full call number | Barcode | Date last seen | Copy number | Price effective from | Koha item type |
|---|---|---|---|---|---|---|---|---|---|---|---|---|---|---|
| Library of Congress Classification | Main | Main | 02/20/2018 | QH581.2 V47 2004 | 0017213 | 12/30/2024 | 1 | 02/20/2018 | Books |